[Event "Bochum-ch"]
[Site "Bochum"]
[Date "2002.12.04"]
[Round "7"]
[White "Fieberg, Norbert"]
[Black "Kapp, Wolfgang"]
[Result "1-0"]
[WhiteElo "1796"]
[BlackElo "1533"]
[PlyCount "93"]
[EventDate "2002.10.23"]
[EventType "swiss"]
[EventRounds "9"]
[EventCountry "GER"]
[SourceTitle "EXT 2006"]
[Source "ChessBase"]
[SourceDate "2005.11.24"]
[SourceVersion "1"]
[SourceVersionDate "2005.11.24"]
[SourceQuality "1"]

1. e4 c5 2. Nf3 e6 3. d4 cxd4 4. Nxd4 a6 5. c4 Nf6 6. f3 Qc7 7. Be3 Bc5 8. Qd2 d6 9. Nc3 Bd7 10. Be2 Qb6 11. Rb1 Nc6 12. Nc2 Bxe3 13. Nxe3 Nd4 14. Bd3 Nc6 15. 0-0 g5 16. Kh1 Nh5 17. g3 Ng7 18. Ng4 Qd8 19. Nf2 e5 20. Nd5 Ne6 21. Ng4 Rb8 22. Ngf6+ Kf8 23. h4 h6 24. Kg2 Nc7 25. Rh1 Nxd5 26. Nxd7+ Qxd7 27. cxd5 Ne7 28. hxg5 h5 29. Rh3 Ng6 30. Rbh1 h4 31. Kf1 Kg7 32. gxh4 Nf4 33. R3h2 Nh5 34. Kf2 Kg6 35. Bf1 Qc7 36. Bh3 Qb6+ 37. Ke1 Ng3 38. h5+ Kg7 39. h6+ Kf8 40. Bf5 Nxh1 41. Rxh1 Qd8 42. h7 Kg7 43. Rh6 Qe7 44. Rf6 Rxh7 45. Bxh7 Kxh7 46. Qh2+ Kg8 47. Rh6 1-0

[Event "Bochum-ch"]
[Site "Bochum"]
[Date "2001.10.29"]
[Round "2"]
[White "Sieberg, Rolf"]
[Black "Kapp, Wolfgang"]
[Result "1-0"]
[WhiteElo "1681"]
[BlackElo "1542"]
[PlyCount "73"]
[EventDate "2001.10.22"]
[EventType "swiss"]
[EventRounds "9"]
[EventCountry "GER"]
[SourceTitle "EXT 2006"]
[Source "ChessBase"]
[SourceDate "2005.11.24"]
[SourceVersion "1"]
[SourceVersionDate "2005.11.24"]
[SourceQuality "1"]

1. e4 c5 2. c3 d5 3. exd5 Qxd5 4. Qf3 Qe5+ 5. Be2 Nf6 6. d3 Qc7 7. Bf4 Qb6 8. b3 Bg4 9. Qg3 Bxe2 10. Nxe2 Nh5 11. Qg4 Nf6 12. Qc8+ Qd8 13. Qxb7 Qd5 14. Qc8+ Qd8 15. Qxd8+ Kxd8 16. c4 Nc6 17. Nbc3 e5 18. Be3 Ng4 19. Bc1 Nb4 20. 0-0 Nxd3 21. Rd1 Ngxf2 22. Be3 Nxd1 23. Rxd1 Ke8 24. Rxd3 f5 25. Rd5 Kf7 26. Rxe5 Re8 27. Rxf5+ Kg6 28. Rg5+ Kf6 29. Nd5+ Kf7 30. Nef4 g6 31. Kf2 Bd6 32. Nc3 h6 33. Rd5 Rxe3 34. Kxe3 Re8+ 35. Ne4 g5 36. Rxd6 gxf4+ 37. Kxf4 1-0

[Event "Bochum-ch"]
[Site "Bochum"]
[Date "2000.11.20"]
[Round "6"]
[White "Steger, Wolfgang"]
[Black "Kapp, Wolfgang"]
[Result "1-0"]
[WhiteElo "1778"]
[BlackElo "1584"]
[PlyCount "121"]
[EventDate "2000.10.09"]
[EventType "swiss"]
[EventRounds "9"]
[EventCountry "GER"]
[SourceTitle "EXT 2006"]
[Source "ChessBase"]
[SourceDate "2005.11.24"]
[SourceVersion "1"]
[SourceVersionDate "2005.11.24"]
[SourceQuality "1"]

1. c4 f5 2. g3 e6 3. Bg2 c6 4. d4 d5 5. Nh3 Nf6 6. 0-0 Bd6 7. Bf4 Bxf4 8. Nxf4 0-0 9. c5 g5 10. Nd3 Bd7 11. Qb3 Qc8 12. Nd2 Be8 13. Nf3 Ne4 14. Qc2 Nd7 15. Nfe5 Nef6 16. b4 Nxe5 17. Nxe5 Qc7 18. a4 a6 19. f3 Nd7 20. f4 gxf4 21. Nxd7 Qxd7 22. Rxf4 Bg6 23. Raf1 Rf7 24. Qb3 Re8 25. Qe3 e5 26. dxe5 Rfe7 27. Qd4 Rxe5 28. Bf3 Qg7 29. b5 axb5 30. axb5 Qd7 31. g4 Qg7 32. bxc6 bxc6 33. Ra1 fxg4 34. Rxg4 Kf8 35. Ra6 Qd7 36. Qa4 Be4 37. Rxc6 Qd8 38. Qa6 R5e7 39. Rf6+ Rf7 40. Rxf7+ Kxf7 41. Rf4+ Kg8 42. Bh5 Re7 43. Rg4+ Rg7 44. Qe6+ Kf8 45. Rxg7 Kxg7 46. c6 Qb6+ 47. Kf1 Qb1+ 48. Kf2 Qb6+ 49. e3 Qb2+ 50. Be2 Bd3 51. Qg4+ Kf8 52. c7 Qf6+ 53. Qf4 Qxf4+ 54. exf4 Bf5 55. Ba6 Ke7 56. c8Q Bxc8 57. Bxc8 Kf6 58. Ke3 Ke7 59. Kd4 Kd6 60. f5 Ke7 61. Kxd5 1-0

[Event "Bochum-ch"]
[Site "Bochum"]
[Date "2000.10.30"]
[Round "4"]
[White "Witt, Rainer"]
[Black "Kapp, Wolfgang"]
[Result "1-0"]
[WhiteElo "1742"]
[BlackElo "1584"]
[PlyCount "57"]
[EventDate "2000.10.09"]
[EventType "swiss"]
[EventRounds "9"]
[EventCountry "GER"]
[SourceTitle "EXT 2006"]
[Source "ChessBase"]
[SourceDate "2005.11.24"]
[SourceVersion "1"]
[SourceVersionDate "2005.11.24"]
[SourceQuality "1"]

1. c4 e6 2. Nf3 f5 3. Nc3 d5 4. e3 Nf6 5. d4 c6 6. Bd3 Bd6 7. Qc2 0-0 8. b3 Nbd7 9. Bb2 b6 10. 0-0-0 Bb7 11. Rhg1 Qe7 12. h3 Ne4 13. Rdf1 Nxc3 14. Bxc3 g6 15. g4 a6 16. gxf5 exf5 17. h4 Kh8 18. h5 Qf6 19. hxg6 hxg6 20. Rg5 Rf7 21. Rfg1 Nf8 22. Nh4 Rg7 23. Bxf5 Re8 24. Nxg6+ Nxg6 25. Bxg6 Ree7 26. Qe2 Bc8 27. Qh5+ Kg8 28. Rh1 Rxg6 29. Rxg6+ 1-0